000 00404nam a2200145Ia 4500
008 230917s9999||||xx |||||||||||||| ||und||
040 _e42560
_aMAIN
041 _aEnglish
082 _a942.083 B413N
100 _aBell, Colin, ed.
245 0 _aNational government 1931: Extracts from The Times January to October 1931
260 _aLondon
_bTimes Books
_c1975
300 _axxi, 209 p.
942 _cBK
999 _c204098
_d204098